Top 20 The Best Eurovision Songs of All the Time - Statistics

General Stats
  • This quiz has been taken 18 times
  • The average score is 6 of 20
Answer Stats
Country Song % Correct
Sweden Euphoria
87%
Sweden Waterloo
73%
Netherlands Arcade
60%
Norway Fairytale
53%
Germany Satellite
47%
Italy Zitti e Buoni
40%
Denmark Fly On the Wings of Love
33%
Sweden Heroes
33%
Austria Rise Like a Phoenix
33%
Israel Diva
27%
United Kingdom Space Man
27%
United Kingdom Love Shine a Light
20%
United Kingdom Boom Bang-a-Bang
13%
United Kingdom Congratulations
13%
Netherlands Ding-a-Dong
13%
United Kingdom Save Your Kisses for Me
13%
Iceland Think About Things
13%
Italy Domenico Modugno
7%
United Kingdom Just A Little Bit
7%
United Kingdom Making Your Mind Up
7%
No matching quizzes found
Score Distribution
Percent of People with Each Score
Percentile by Number Answered
Your Score History
You have not taken this quiz